Tendencie vývoja životného poistenia v podmienkach SR diplomová práca

Saved in:
Bibliographic Details
Main Author: Drozd, Adam
Corporate Author: Národohospodárska fakulta EU. Katedra poisťovníctva
Other Authors: Majtánová, Anna
Format: Book
Language:Slovak
Published: Bratislava 2018
Tags: Add Tag
No Tags, Be the first to tag this record!

MARC

LEADER 00000nbm a2200000 4500
001 0244184
005 20181114090613.2
041 0 |a slo 
044 |a SK 
245 1 0 |a Tendencie vývoja životného poistenia v podmienkach SR  |b diplomová práca  |c Adam Drozd ; školiteľ: Anna Majtánová 
264 1 |a Bratislava  |c 2018 
300 |a 55 s. 
100 1 |a Drozd, Adam 
700 1 |a Majtánová, Anna 
710 2 |a Národohospodárska fakulta EU. Katedra poisťovníctva